| 000 | 00777pab a2200157 454500 | ||
|---|---|---|---|
| 008 | 180718b2006 xxu||||| |||| 00| 0 eng d | ||
| 100 | _aPrasad, V.R.K. | ||
| 245 | _aWorking in teams | ||
| 260 | _c2006 | ||
| 300 | _ap.91-97. | ||
| 362 | _aJan | ||
| 520 | _aThe dawn of the new millennium and the fast pace of globalization have brought in a new dynamism to the workplace. `Workiing in teams', a concept with its origin in Japan in 1950s, gained a new momentum in the present-day multicultural business environment. Teams generate synergy among the members and achieve a superior performance, which is greater than the sum of their individual contributions. - Reproduced. | ||
| 650 | _aTeam teaching | ||
| 773 | _aICFAI Journal of Organizational Behaviour | ||
| 909 | _a68459 | ||
| 999 |
_c68459 _d68459 |
||